| 000 | 00350nam a22001457a 4500 | ||
|---|---|---|---|
| 999 |
_c8071 _d8071 |
||
| 003 | OSt | ||
| 005 | 20200706103716.0 | ||
| 008 | 200706b ||||| |||| 00| 0 eng d | ||
| 020 | _a9789812453662 | ||
| 082 |
_a720.922 _bCAM |
||
| 100 | _a Cambert, Mary | ||
| 245 | _aTop Japanese architects | ||
| 260 |
_aBarcelona _bPage One Pub., _c2005 |
||
| 942 | _2ddc | ||